| 000 | 00626nam a2200253 a 4500 | ||
|---|---|---|---|
| 001 | 000112719 | ||
| 003 | CHAP | ||
| 005 | 20220329144319.0 | ||
| 008 | 161011s2016 mx a |rd ||||||spa d | ||
| 010 | _a109180 | ||
| 011 | _a110152 | ||
| 020 | _a9786072111356 | ||
| 040 | _cCHAP | ||
| 082 | 0 | 4 |
_a463 _bP42 2016 |
| 245 | 0 | 3 | _aEl pequeño larousse ilustrado. |
| 250 | _a22 ed. | ||
| 260 |
_aMéxico, D.F. : _bEdicciones Larousse, _c2016. |
||
| 300 |
_a1824 p. : _bil. |
||
| 590 |
_aE5765TAJ _b05 _c20161011 _lUCH01 _h0946 |
||
| 650 | 1 | 4 |
_aEspañol _xDiccionarios. _937725 |
| 901 | _aBK | ||
| 942 | _cLIBRO | ||
| 942 | _n0 | ||
| 999 |
_c109180 _d109180 |
||